000 00308nam a2200121Ia 4500
008 191201s2019 xx 000 0 und d
100 _aSAHAY, Arvind
245 0 _aStrategies in Pricing Sales and Distribution
260 _aN.Delhi
_bBusiness World
300 _a199
650 _aB.Tech(TE)
942 _2ddc
_cBK
999 _c3456
_d3456